V de vulnerable : (Registro nro. 30767)
[ vista simple ]
| 000 -LEADER | |
|---|---|
| fixed length control field | 01943nam a22002897a 4500 |
| 003 - CONTROL NUMBER IDENTIFIER | |
| control field | OSt |
| 005 - DATE AND TIME OF LATEST TRANSACTION | |
| control field | 20240627162858.0 |
| 008 - FIXED-LENGTH DATA ELEMENTS--GENERAL INFORMATION | |
| fixed length control field | 240627t20122013sp a||||r|||| 00| 0 spa d |
| 037 ## - SOURCE OF ACQUISITION | |
| Stock number | Donación |
| 040 ## - CATALOGING SOURCE | |
| Original cataloging agency | CO-JMCR |
| Language of cataloging | spa |
| Transcribing agency | CO-JMCR |
| Modifying agency | CO-JMCR |
| Description conventions | rda |
| 041 ## - LANGUAGE CODE | |
| Language code of text/sound track or separate title | spa |
| 082 04 - DEWEY DECIMAL CLASSIFICATION NUMBER | |
| Classification number | 158.15 |
| Item number | G54v |
| 100 1# - MAIN ENTRY--PERSONAL NAME | |
| Personal name | Godin , Seth, |
| Dates associated with a name | 1960 - |
| Relator term | autor |
| 9 (RLIN) | 43717 |
| 245 10 - TITLE STATEMENT | |
| Title | V de vulnerable : |
| Remainder of title | La vida fuera de la zona de confort / |
| Statement of responsibility, etc. | Seth Godin ; ilustrado por Hugh Macleod ; traducido por Sigrid Guitart. |
| 246 #1 - VARYING FORM OF TITLE | |
| Title proper/short title | V is for vulnerable |
| 250 ## - EDITION STATEMENT | |
| Edition statement | 1ra ed. |
| 260 ## - PUBLICATION, DISTRIBUTION, ETC. | |
| Place of publication, distribution, etc. | España : |
| Name of publisher, distributor, etc. | Gestión 2000 , |
| Date of publication, distribution, etc. | 2012 |
| -- | ©2013 |
| 300 ## - PHYSICAL DESCRIPTION | |
| Extent | 56 páginas : |
| Other physical details | Ilustraciones a color ; |
| Dimensions | 26 cm |
| 500 ## - GENERAL NOTE | |
| General note | Incluye datos de autor e ilustrador. |
| 520 3# - SUMMARY, ETC. | |
| Summary, etc. | [V de Vulnerable es un abecedario para adultos escrito por el gurú del marketing Seth Godin e ilustrado por Hugh MacLeod. En él, pretenden conseguir que dejes de ser un mero espectador, un peón del sistema industrial en el que nos criamos, y quizá, sólo quizá, te levantes y lleves a cabo algo que en un principio te asusta. <br/><br/>Con este libro los autores quieren que hagas lo que se supone que debes hacer, lo que se supone que todos debemos realizar, que es convertirnos en ese artista de nuestra vida que todos quisimos ser de pequeños. <br/><br/>Desarrollando conceptos tales como compromiso, esfuerzo o iniciativa, el autor de bestsellers como La vaca púrpura o El engaño de Ícaro despierta tu conciencia para que llegues hasta donde quieras llegar. Este abecedario también es una preciosa forma de contar a tus hijos los valores que han de regir su vida si lo que quieren es volar alto. Tan alto como quieran.] |
| 650 14 - SUBJECT ADDED ENTRY--TOPICAL TERM | |
| Source of heading or term | JMCR |
| Topical term or geographic name entry element | Superación personal |
| 9 (RLIN) | 2507 |
| 650 24 - SUBJECT ADDED ENTRY--TOPICAL TERM | |
| Source of heading or term | JMCR |
| Topical term or geographic name entry element | Liderazgo empresarial |
| 9 (RLIN) | 222 |
| 650 34 - SUBJECT ADDED ENTRY--TOPICAL TERM | |
| Source of heading or term | JMCR |
| Topical term or geographic name entry element | Psicología motivacional |
| 9 (RLIN) | 43718 |
| 700 1# - ADDED ENTRY--PERSONAL NAME | |
| Personal name | Macleod , Hugh, |
| Dates associated with a name | 1965 - |
| Relator term | Ilustrador |
| 9 (RLIN) | 43719 |
| 700 1# - ADDED ENTRY--PERSONAL NAME | |
| Personal name | Guitard , Sigrid, |
| Relator term | Traductora |
| 9 (RLIN) | 43720 |
| 942 ## - ADDED ENTRY ELEMENTS (KOHA) | |
| Source of classification or shelving scheme | Dewey Decimal Classification |
| Koha item type | Books |
| Withdrawn status | Lost status | Source of classification or shelving scheme | Damaged status | Not for loan | Collection code | Home library | Current library | Shelving location | Date acquired | Total Checkouts | Total Renewals | Full call number | Barcode | Date last seen | Date last checked out | Copy number | Price effective from | Koha item type |
|---|---|---|---|---|---|---|---|---|---|---|---|---|---|---|---|---|---|---|
| Dewey Decimal Classification | Non-fiction | Biblioteca Pública José María del Castillo y Rada | Biblioteca Pública José María del Castillo y Rada | General Stacks | 01/06/2023 | 8 | 2 | 158.15 G54v | 201811485 | 02/19/2026 | 02/19/2026 | Ej.1 | 06/27/2024 | Books |